00377nam a2200121Ia 4500008004100000082002100041100002300062245004700085260003900132300000900171630001800180650005700198211109s9999||||xx |||||||||||||| ||und|| a894.81209bNAM-A aNampoothiri, A P P 0aAshan Nizhalum Velichavum: Critical Essays bPoorna PublicationsaCalicutc1991 a128p xGENERAL STACK aMalayalam literaturevLiterature & rhetoricMalayalam